| 000 | 00551nam a22001697a 4500 | ||
|---|---|---|---|
| 008 | 150617b xxu||||| |||| 00| 0 eng d | ||
| 020 | _a9789814304344 | ||
| 041 | 0 | _aeng | |
| 080 | _a330.101.541 | ||
| 100 | 1 | _aLevi, Maurice D., | |
| 245 | 1 | 4 |
_aThe macroeconomic environment of business : _cMaurice D Levi, University of British Columbia, Canada. |
| 260 |
_aUSA: _bWorld Scientific; _c2014. |
||
| 300 |
_a320 f : _bme il.; _c24 cm. |
||
| 505 | _aIndex: f.315-320 | ||
| 650 | 0 | _aMakroekonomia | |
| 942 |
_2udc _cBK |
||
| 999 |
_c1049 _d1049 |
||